[Event "II Open Internazionale"]
[Site "Lodi ITA"]
[Date "2006.06.06"]
[Round "3"]
[White "Miatello, Alberto"]
[Black "Spielmann, Alain"]
[Result "0-1"]
[WhiteElo "2082"]
[BlackElo "2250"]
[PlyCount "86"]
[EventDate "2006.06.05"]

1. e4 c6 2. d4 d5 3. e5 Bf5 4. c4 e6 5. Nf3 dxc4 6. Bxc4 Nd7 7. Nc3 Nb6 8. Bb3
Ne7 9. O-O Ned5 10. Qe2 Be7 11. Ne4 h6 12. Bd2 Qc7 13. Rfc1 g5 14. a4 a5 15.
Nc5 Nb4 16. Bxb4 axb4 17. a5 Nd5 18. a6 Nf4 19. Qc4 Bxc5 20. dxc5 Bd3 21. Qxb4
Ne2+ 22. Kh1 Nxc1 23. axb7 Rb8 24. Rxc1 Qxb7 25. Qxb7 Rxb7 26. Ba4 Bb5 27. Bxb5
Rxb5 28. Nd4 Rxb2 29. Nxc6 Kd7 30. Na5 Ra8 31. Nc4 Rc2 32. Rd1+ Kc6 33. Nd6
Rca2 34. Kg1 Ra1 35. Rf1 R8a7 36. Ne8 Kd5 37. Nf6+ Kxe5 38. Ng4+ Kd4 39. Nxh6
Kxc5 40. g3 Kd5 41. Kg2 Rxf1 42. Kxf1 f5 43. Ng8 Ke5 0-1

[Event "II Open Internazionale"]
[Site "Lodi ITA"]
[Date "2006.06.06"]
[Round "3"]
[White "Onkoud, Abdelaziz"]
[Black "Fraser-Mitchell, Jeremy N."]
[Result "1-0"]
[WhiteElo "2420"]
[BlackElo "2107"]
[PlyCount "62"]
[EventDate "2006.06.05"]

1. e4 e6 2. d3 d5 3. Nd2 c5 4. Ngf3 Nc6 5. g3 Bd6 6. Bg2 Nge7 7. O-O O-O 8. c3
Qc7 9. Re1 Bd7 10. Qe2 f6 11. a3 Rab8 12. b3 b5 13. Bb2 c4 14. b4 Ng6 15. d4
Rbe8 16. h4 dxe4 17. Nxe4 e5 18. h5 Nge7 19. Nxd6 Qxd6 20. dxe5 Nxe5 21. Nxe5
fxe5 22. Rad1 Qc7 23. Qxe5 Qc8 24. h6 Nf5 25. Qd5+ Be6 26. Qxb5 Nxh6 27. Bc6
Rd8 28. Bc1 Ng4 29. Bf4 a6 30. Rxd8 Qxd8 31. Qc5 Qf6 1-0

[Event "II Open Internazionale"]
[Site "Lodi ITA"]
[Date "2006.06.06"]
[Round "3"]
[White "Ricardi, Pablo Oswaldo"]
[Black "Bonade', Massimo"]
[Result "1-0"]
[WhiteElo "2515"]
[BlackElo "2104"]
[PlyCount "65"]
[EventDate "2006.06.05"]

1. e4 c5 2. Nf3 d6 3. d4 cxd4 4. Nxd4 Nf6 5. Nc3 a6 6. Bg5 e6 7. f4 Be7 8. Qf3
Qc7 9. O-O-O Nbd7 10. g4 b5 11. Bxf6 Nxf6 12. g5 Nd7 13. f5 Bxg5+ 14. Kb1 Ne5
15. Qh5 Qd8 16. Nxe6 Bxe6 17. fxe6 O-O 18. h4 Bf6 19. exf7+ Kh8 20. Bh3 g6 21.
Qe2 Nc4 22. e5 Bxe5 23. Be6 Nxb2 24. Qxe5+ dxe5 25. Rxd8 Raxd8 26. Kxb2 Kg7 27.
h5 Rd4 28. Bb3 g5 29. Re1 Kf6 30. Rf1+ Ke7 31. Nd5+ Kd6 32. Rf6+ Kc5 33. Nc7
1-0

[Event "II Open Internazionale"]
[Site "Lodi ITA"]
[Date "2006.06.06"]
[Round "3"]
[White "Schmitz, Manuela"]
[Black "Giretti Kanev, Jasen"]
[Result "0-1"]
[WhiteElo "2042"]
[BlackElo "2220"]
[PlyCount "64"]
[EventDate "2006.06.05"]

1. d4 Nf6 2. c4 e6 3. Nf3 Bb4+ 4. Nbd2 b6 5. e3 Bb7 6. Bd3 O-O 7. O-O d6 8. Qc2
Bxd2 9. Bxd2 Nbd7 10. Bc3 Qe7 11. e4 e5 12. d5 a5 13. Nh4 g6 14. g3 Nc5 15.
Rae1 Bc8 16. f4 Bh3 17. Ng2 Ng4 18. Be2 Bxg2 19. Bxg4 Bxe4 20. Rxe4 Nxe4 21.
Qxe4 f5 22. Qe2 fxg4 23. Qxg4 Rf7 24. Re1 Rf5 25. h4 Qf7 26. Qd1 Re8 27. Qe2 h5
28. Kg2 Rf8 29. Qe3 Kh7 30. fxe5 Rf2+ 31. Kh1 Qf5 32. Kg1 Qc2 0-1

[Event "II Open Internazionale"]
[Site "Lodi ITA"]
[Date "2006.06.06"]
[Round "3"]
[White "Vezzosi, Paolo"]
[Black "Abdulla, Al Rakib"]
[Result "0-1"]
[WhiteElo "2362"]
[BlackElo "2484"]
[PlyCount "76"]
[EventDate "2006.06.05"]

1. d4 d5 2. Nf3 Nf6 3. c4 c6 4. Nc3 dxc4 5. a4 Bf5 6. e3 e6 7. Bxc4 Bb4 8. O-O
O-O 9. Qe2 Nbd7 10. Rd1 Rc8 11. e4 Bg6 12. e5 Nd5 13. Ne4 h6 14. Bd2 Be7 15. a5
a6 16. Bc3 Re8 17. Nfd2 Bf8 18. Bb3 Qh4 19. g3 Qh5 20. Qxh5 Bxh5 21. Re1 Bg6
22. Nc4 Bxe4 23. Rxe4 c5 24. Ba4 Red8 25. Bxd7 Rxd7 26. dxc5 Bxc5 27. Be1 Ne7
28. Kf1 Nf5 29. g4 Ne7 30. Ke2 Rcd8 31. Bc3 g5 32. f4 Ng6 33. fxg5 hxg5 34. Rf1
Nf4+ 35. Rfxf4 gxf4 36. Rxf4 Rd3 37. Nd2 Re3+ 38. Kf1 Rxc3 0-1

[Event "II Open Internazionale"]
[Site "Lodi ITA"]
[Date "2006.06.06"]
[Round "3"]
[White "Wohl, Aleksandar H."]
[Black "Lupulescu, Constantin"]
[Result "0-1"]
[WhiteElo "2432"]
[BlackElo "2534"]
[PlyCount "106"]
[EventDate "2006.06.05"]

1. e4 c5 2. Nf3 d6 3. c3 Nf6 4. Bd3 Bg4 5. Bc2 e6 6. d4 cxd4 7. cxd4 d5 8. e5
Nfd7 9. O-O Qb6 10. Nc3 Nc6 11. Be3 Qxb2 12. Na4 Bxf3 13. gxf3 Qa3 14. Rb1 Rb8
15. Bd3 Qe7 16. Qd2 Qd8 17. Kh1 Qa5 18. Nc3 Bb4 19. Rb3 Ndxe5 20. dxe5 d4 21.
Be4 dxc3 22. Bxc6+ bxc6 23. Qd4 O-O 24. a3 Bxa3 25. Qxc3 Qxc3 26. Rxc3 Bb2 27.
Rxc6 a5 28. Rb1 h6 29. Ra6 Bc3 30. Rxb8 Rxb8 31. f4 Rb5 32. Kg2 Kh7 33. Kf3 Kg6
34. Ke4 Rb4+ 35. Kd3 Be1 36. Ke2 Rb1 37. Ra7 Bb4 38. Kf3 Rh1 39. Kg2 Ra1 40.
Bd4 Ra2 41. Kf3 a4 42. Ke4 Re2+ 43. Kd3 Rd2+ 44. Kc4 a3 45. f5+ exf5 46. e6
fxe6 47. Rxg7+ Kh5 48. Ra7 Bd6 49. Ra6 e5 50. Bc3 Rd1 51. Ra5 Kg4 52. Kb3 Rd3
53. Kc2 e4 0-1

[Event "II Open Internazionale"]
[Site "Lodi ITA"]
[Date "2006.06.07"]
[Round "4"]
[White "Brigati, Alessandro"]
[Black "Luciani, Valerio"]
[Result "1/2-1/2"]
[WhiteElo "2080"]
[BlackElo "2242"]
[PlyCount "66"]
[EventDate "2006.06.05"]

1. d4 d5 2. c4 c6 3. Nf3 Nf6 4. Nc3 dxc4 5. a4 Bf5 6. e3 e6 7. Bxc4 Bb4 8. O-O
O-O 9. Qe2 Nbd7 10. e4 Bg4 11. e5 Nd5 12. Nxd5 cxd5 13. Bd3 Bh5 14. Be3 Bg6 15.
Bxg6 fxg6 16. Ng5 Re8 17. Bd2 Bxd2 18. Qxd2 Qb6 19. Rfc1 h6 20. Nf3 Rec8 21.
Ra3 a5 22. Rac3 Rc6 23. Rxc6 bxc6 24. Qc2 Nf8 25. Qxc6 Qxb2 26. h3 Rb8 27. Rc5
Qb1+ 28. Kh2 Qf5 29. Rb5 Rxb5 30. axb5 a4 31. Qa8 Qf4+ 32. Kh1 Qc1+ 33. Kh2
Qf4+ 1/2-1/2

[Event "II Open Internazionale"]
[Site "Lodi ITA"]
[Date "2006.06.07"]
[Round "4"]
[White "Giretti Kanev, Jasen"]
[Black "Soppe, Guillermo G."]
[Result "0-1"]
[WhiteElo "2220"]
[BlackElo "2409"]
[PlyCount "76"]
[EventDate "2006.06.05"]

1. c4 e6 2. Nc3 d5 3. d4 Nf6 4. Bg5 Nbd7 5. cxd5 exd5 6. e3 Be7 7. Bd3 c6 8.
Qc2 O-O 9. Nf3 Re8 10. h3 a6 11. g4 Nf8 12. O-O-O Be6 13. Rdg1 Rc8 14. Bf4 c5
15. g5 Ne4 16. Bxe4 dxe4 17. d5 exf3 18. dxe6 Nxe6 19. Rd1 Qa5 20. Rd7 c4 21.
Nd5 c3 22. Kb1 Bf8 23. Nxc3 Bb4 24. Rd5 Rxc3 25. bxc3 Qxd5 26. Rd1 Qb5 27. cxb4
Nxf4 28. exf4 Qxb4+ 29. Qb2 Qxf4 30. Ka1 Qxg5 31. a3 h6 32. Qxb7 Qe5+ 33. Qb2
Qxb2+ 34. Kxb2 Re2+ 35. Kb3 Rxf2 36. Rd3 Rf1 37. Ka4 f2 38. Rf3 g5 0-1

[Event "II Open Internazionale"]
[Site "Lodi ITA"]
[Date "2006.06.07"]
[Round "4"]
[White "Hossain, Enamul"]
[Black "Lazic, Miroljub"]
[Result "1/2-1/2"]
[WhiteElo "2460"]
[BlackElo "2493"]
[PlyCount "38"]
[EventDate "2006.06.05"]

1. e4 d6 2. d4 Nf6 3. f3 g6 4. c4 Bg7 5. Nc3 O-O 6. Nge2 c5 7. d5 e6 8. Bg5 h6
9. Be3 exd5 10. cxd5 a6 11. a4 Nbd7 12. Ng3 Re8 13. Be2 h5 14. O-O Qe7 15. Qd2
Nh7 16. Nh1 f5 17. Nf2 Ne5 18. Rae1 Bd7 19. exf5 Bxf5 1/2-1/2

[Event "II Open Internazionale"]
[Site "Lodi ITA"]
[Date "2006.06.07"]
[Round "4"]
[White "Izsak, Gyula"]
[Black "Ricardi, Pablo Oswaldo"]
[Result "1/2-1/2"]
[WhiteElo "2434"]
[BlackElo "2515"]
[PlyCount "61"]
[EventDate "2006.06.05"]

1. d4 Nf6 2. Nf3 g6 3. c4 Bg7 4. g3 O-O 5. Bg2 c5 6. Nc3 d5 7. dxc5 Qa5 8. O-O
dxc4 9. Qd4 Qa6 10. Qh4 Nc6 11. Bh6 Rd8 12. Rfd1 Bf5 13. e4 Rxd1+ 14. Rxd1 Bg4
15. Bxg7 Bxf3 16. Bxf6 Bxd1 17. Bxe7 Nxe7 18. Qxe7 Ba4 19. e5 Bc6 20. e6 Rf8
21. Nd5 c3 22. Nf6+ Kg7 23. Ng4 h5 24. Qf6+ Kh7 25. e7 Rg8 26. Qxf7+ Rg7 27.
Nf6+ Kh6 28. Ng8+ Kh7 29. Nf6+ Kh6 30. Ng8+ Kh7 31. Nf6+ 1/2-1/2

[Event "II Open Internazionale"]
[Site "Lodi ITA"]
[Date "2006.06.07"]
[Round "4"]
[White "Mrdja, Milan"]
[Black "Marini, Jan"]
[Result "1-0"]
[WhiteElo "2409"]
[BlackElo "1955"]
[PlyCount "101"]
[EventDate "2006.06.05"]

1. e4 e6 2. Qe2 Nf6 3. e5 Nd5 4. Nc3 b6 5. Nxd5 exd5 6. f4 Be7 7. Nf3 c5 8. d4
Nc6 9. Be3 a5 10. Qf2 c4 11. g3 a4 12. a3 Qc7 13. Bg2 Na5 14. Bd2 Bb7 15. O-O
O-O-O 16. Bb4 Nc6 17. Bxe7 Nxe7 18. b3 Bc6 19. Ng5 Rdf8 20. bxc4 dxc4 21. Rab1
Kb7 22. Ne4 Ka6 23. Nd6 b5 24. Rfd1 Rb8 25. d5 Ba8 26. Nxb5 Qb6 27. Nc3 Qxf2+
28. Kxf2 Ka5 29. d6 Bxg2 30. Kxg2 Nf5 31. Kf2 Rhe8 32. Rd5+ Ka6 33. Rb4 Rxb4
34. axb4 Rb8 35. Ra5+ Kb7 36. Rb5+ Ka7 37. Rxb8 Kxb8 38. Nxa4 c3 39. Ke2 Nd4+
40. Kd3 Nf3 41. h4 f6 42. exf6 gxf6 43. Nc5 Kc8 44. b5 h5 45. b6 Nh2 46. Nxd7
Ng4 47. Nc5 Nf2+ 48. Kc4 Ne4 49. Kd5 Nxd6 50. Kc6 f5 51. Kxd6 1-0

[Event "II Open Internazionale"]
[Site "Lodi ITA"]
[Date "2006.06.07"]
[Round "4"]
[White "Peredy, Ferenc"]
[Black "Wohl, Aleksandar H."]
[Result "1-0"]
[WhiteElo "2343"]
[BlackElo "2432"]
[PlyCount "71"]
[EventDate "2006.06.05"]

1. e4 c5 2. c3 d6 3. d4 Nd7 4. f4 Ngf6 5. e5 Nd5 6. dxc5 e6 7. cxd6 g5 8. fxg5
Nxe5 9. c4 Nb4 10. a3 Nbc6 11. Nc3 Qxd6 12. Qxd6 Bxd6 13. Ne4 Be7 14. Nf3 Nxf3+
15. gxf3 Nd4 16. Kf2 Nb3 17. Rb1 Nxc1 18. Rxc1 h6 19. f4 e5 20. fxe5 hxg5 21.
Nd6+ Bxd6 22. exd6 Be6 23. Bg2 O-O-O 24. c5 f5 25. Rhe1 Bd7 26. h3 f4 27. Re7
f3 28. Bxf3 Rdf8 29. Kg2 Rxf3 30. Kxf3 Rxh3+ 31. Ke4 g4 32. Rf1 Rh8 33. Rff7
Bc6+ 34. Kf4 Bf3 35. b4 Rg8 36. Kg3 1-0

[Event "II Open Internazionale"]
[Site "Lodi ITA"]
[Date "2006.06.07"]
[Round "4"]
[White "Philippe, Christophe"]
[Black "Sardo, Gabriele"]
[Result "1-0"]
[WhiteElo "2399"]
[BlackElo "2186"]
[PlyCount "75"]
[EventDate "2006.06.05"]

1. e4 c5 2. Nf3 d6 3. d4 cxd4 4. Nxd4 Nf6 5. Nc3 a6 6. Bc4 e6 7. Bb3 b5 8. Bg5
Be7 9. Qf3 Qb6 10. O-O-O Nbd7 11. Rhe1 Nc5 12. Nf5 Nxb3+ 13. axb3 exf5 14. Bxf6
gxf6 15. Nd5 Qd8 16. Nxe7 Kxe7 17. exf5+ Be6 18. Re2 Qd7 19. Rde1 Rae8 20. fxe6
fxe6 21. Rxe6+ Qxe6 22. Qb7+ Kf8 23. Rxe6 Rxe6 24. Qc8+ Re8 25. Qxa6 Kg7 26.
Qxb5 Re1+ 27. Kd2 Rhe8 28. b4 R8e5 29. Qd7+ Re7 30. Qg4+ Kf8 31. Qf3 Kg7 32. b5
R1e5 33. c4 Rc5 34. Qg3+ Kf8 35. Qxd6 Rcc7 36. Qxf6+ Ke8 37. Kc3 Re1 38. b6 1-0

[Event "II Open Internazionale"]
[Site "Lodi ITA"]
[Date "2006.06.07"]
[Round "4"]
[White "Rrhioua, Tarik"]
[Black "Martino, Antonio M."]
[Result "1-0"]
[WhiteElo "2330"]
[BlackElo "2008"]
[PlyCount "57"]
[EventDate "2006.06.05"]

1. Nf3 c5 2. g3 Nc6 3. Bg2 g6 4. O-O Bg7 5. d3 e5 6. Nc3 Nge7 7. e4 O-O 8. Be3
d6 9. Qd2 Nd4 10. Bh6 Bh3 11. Nxd4 Bxg2 12. Bxg7 Kxg7 13. Nf5+ Nxf5 14. Kxg2
Nd4 15. Nd5 f5 16. f4 exf4 17. Nxf4 Qd7 18. c3 Nc6 19. d4 cxd4 20. cxd4 fxe4
21. d5 Nd8 22. Nh5+ Kg8 23. Rxf8+ Kxf8 24. Qh6+ Ke7 25. Qg5+ Kf8 26. Rf1+ Nf7
27. Qh6+ Ke8 28. Qxh7 Qh3+ 29. Kg1 1-0

[Event "II Open Internazionale"]
[Site "Lodi ITA"]
[Date "2006.06.07"]
[Round "4"]
[White "Salvador, Roland"]
[Black "Castellanos Rodriguez, Renier"]
[Result "1-0"]
[WhiteElo "2396"]
[BlackElo "2467"]
[PlyCount "117"]
[EventDate "2006.06.05"]

1. d4 Nf6 2. Nf3 g6 3. Nc3 d6 4. e4 Bg7 5. Be3 c6 6. a4 O-O 7. Qd2 Nbd7 8. Bc4
e5 9. Ba2 Qa5 10. h3 Re8 11. O-O Qc7 12. Bh6 Nf8 13. Bxg7 Kxg7 14. Ng5 Be6 15.
d5 cxd5 16. exd5 Bf5 17. g4 Bd7 18. f4 Qb6+ 19. Kh1 Qd4 20. Qh2 e4 21. Ne2 Qxb2
22. Bb3 Ng8 23. Rab1 Qf6 24. Ng3 h6 25. N5xe4 Qh4 26. f5 Rad8 27. Rf4 Kh8 28.
Nxd6 Re3 29. Rg1 Qe7 30. Nc4 g5 31. Rff1 Rxg3 32. Qxg3 Qe4+ 33. Qf3 Qd4 34. Rd1
Qf6 35. Rge1 h5 36. Ne5 Kg7 37. d6 Nh6 38. Qxb7 hxg4 39. hxg4 Re8 40. Nxd7
Rxe1+ 41. Rxe1 Nxd7 42. Qxd7 Qc3 43. f6+ Kh7 44. Re2 Qf3+ 45. Rg2 Qf1+ 46. Kh2
Qf4+ 47. Kg1 Qc1+ 48. Kf2 Qd2+ 49. Kf3 Qf4+ 50. Ke2 Qe4+ 51. Kd1 Qxg2 52. Kc1
Qf1+ 53. Kb2 Qxf6+ 54. Ka2 Kg7 55. Qc7 Qe5 56. Qc6 Qf6 57. Qd5 Ng8 58. d7 Ne7
59. d8=Q 1-0

[Event "II Open Internazionale"]
[Site "Lodi ITA"]
[Date "2006.06.07"]
[Round "4"]
[White "Spielmann, Alain"]
[Black "Onkoud, Abdelaziz"]
[Result "1/2-1/2"]
[WhiteElo "2250"]
[BlackElo "2420"]
[PlyCount "44"]
[EventDate "2006.06.05"]

1. Nf3 e6 2. c4 f5 3. g3 Nf6 4. Bg2 c6 5. O-O d5 6. d3 Be7 7. Nc3 O-O 8. e4
fxe4 9. dxe4 dxc4 10. Ne5 b5 11. Nxc6 Nxc6 12. e5 Bb7 13. exf6 Bxf6 14. Qxd8
Nxd8 15. Nxb5 Bxg2 16. Kxg2 Rb8 17. a4 Nc6 18. Bf4 e5 19. Be3 Nd4 20. Rac1 Nxb5
21. axb5 Rfc8 22. Rc2 Rxb5 1/2-1/2

[Event "II Open Internazionale"]
[Site "Lodi ITA"]
[Date "2006.06.07"]
[Round "4"]
[White "Tissir, Mohamed"]
[Black "Stella, Andrea"]
[Result "1-0"]
[WhiteElo "2439"]
[BlackElo "2114"]
[PlyCount "68"]
[EventDate "2006.06.05"]

1. e4 c5 2. Nc3 d6 3. Nf3 Nf6 4. d4 cxd4 5. Nxd4 a6 6. Be3 e6 7. Qe2 b5 8. f3
Bb7 9. Qf2 b4 10. Nce2 d5 11. e5 Nfd7 12. f4 Qa5 13. Nc1 Nc6 14. Ncb3 Qc7 15.
Bd3 Nxd4 16. Nxd4 Nc5 17. O-O Be7 18. f5 Qxe5 19. fxe6 fxe6 20. Qf7+ Kd8 21.
Qf2 Nxd3 22. cxd3 Rf8 23. Nf3 Qh5 24. Bc5 Qe8 25. Bxb4 Qb5 26. Bxe7+ Kxe7 27.
Qh4+ Rf6 28. Qxh7 Raf8 29. Qxg7+ R8f7 30. Qg5 Qxd3 31. Rac1 Kd8 32. Qe5 Ke7 33.
Rc7+ Kf8 34. Rxb7 Rxf3 1-0

[Event "II Open Internazionale"]
[Site "Lodi ITA"]
[Date "2006.06.07"]
[Round "4"]
[White "Trumpf, Walter"]
[Black "Brunello, Sabino"]
[Result "0-1"]
[WhiteElo "2084"]
[BlackElo "2339"]
[PlyCount "37"]
[EventDate "2006.06.05"]

1. d4 Nf6 2. Nc3 d5 3. e4 dxe4 4. f3 Bf5 5. fxe4 Nxe4 6. Qf3 Nd6 7. Bf4 e6 8.
Bxd6 Bxd6 9. Qxb7 Nd7 10. O-O-O O-O 11. Qf3 Qg5+ 12. Kb1 Bg4 13. Qd3 Bxd1 14.
Qxd1 Rab8 15. Ne4 Qa5 16. Nxd6 cxd6 17. Bd3 Nb6 18. Ne2 Nd5 19. Bc4 0-1

[Event "II Open Internazionale"]
[Site "Lodi ITA"]
[Date "2006.06.07"]
[Round "4"]
[White "Varga, Zoltan"]
[Black "Gilardone, Adriano"]
[Result "1-0"]
[WhiteElo "2515"]
[BlackElo "2145"]
[PlyCount "127"]
[EventDate "2006.06.05"]

1. d4 e6 2. c4 d5 3. Nc3 f5 4. e3 c6 5. f4 Nf6 6. Nf3 Bd6 7. Be2 Nbd7 8. O-O
O-O 9. Ne5 Ne4 10. Nxe4 fxe4 11. Bd2 Be7 12. Bg4 Nxe5 13. fxe5 Bd7 14. Rc1 Rc8
15. Qe1 Qe8 16. Rxf8+ Bxf8 17. h3 Be7 18. Bb4 a6 19. Kh2 Qf8 20. Ba5 g6 21. h4
Bd8 22. cxd5 cxd5 23. Rxc8 Bxc8 24. Bxd8 Qxd8 25. Kg3 Qe7 26. Qc3 Qd7 27. Qc5
Kf7 28. h5 Kg7 29. h6+ Kf7 30. Qc1 Ke8 31. Kh3 Qd8 32. Be2 Bd7 33. Kg4 Bc6 34.
Qc5 Qd7 35. Qa7 Kf7 36. Qb8 Qe8 37. Qa7 Qd7 38. Qc5 Ke8 39. a3 Kf7 40. Qc1 Ke8
41. Kh3 Kd8 42. Qf1 Qe7 43. Kg4 Be8 44. Qe1 Bc6 45. Qf2 Bd7 46. Qf4 Bc6 47. Qf6
Bd7 48. Kf4 Be8 49. Bg4 Kd7 50. Kg5 Bf7 51. b4 Be8 52. a4 Bf7 53. a5 Be8 54. g3
Bf7 55. Be2 Be8 56. b5 Qa3 57. Qg7+ Kd8 58. b6 Qxe3+ 59. Kf6 Qf2+ 60. Kxe6 Qf5+
61. Kd6 Qf7 62. Qxf7 Bxf7 63. Bxa6 e3 64. Be2 1-0

[Event "II Open Internazionale"]
[Site "Lodi ITA"]
[Date "2006.06.08"]
[Round "5"]
[White "Brunello, Sabino"]
[Black "Drazic, Sinisa"]
[Result "0-1"]
[WhiteElo "2339"]
[BlackElo "2497"]
[PlyCount "176"]
[EventDate "2006.06.05"]

1. e4 Nc6 2. d4 d6 3. Nc3 a6 4. f4 d5 5. Nxd5 e6 6. Ne3 Qxd4 7. Qxd4 Nxd4 8.
Ne2 Bc5 9. c3 Nc6 10. b4 Ba7 11. g3 Nge7 12. Bg2 O-O 13. Nc2 e5 14. f5 Rd8 15.
Be3 Bd7 16. Kf2 Nc8 17. Rhd1 Nd6 18. Rd5 f6 19. Rad1 Ne7 20. R5d2 Bxe3+ 21.
Nxe3 Ba4 22. Rxd6 Rxd6 23. Rxd6 cxd6 24. c4 Be8 25. Nc3 Bf7 26. Ke2 Kf8 27. Kd3
Ke8 28. Bf3 Kd8 29. Bd1 Kc7 30. a3 Rc8 31. Ba4 Rd8 32. Ke2 Kb6 33. Bb3 Ka7 34.
Ba4 Nc8 35. Kd3 Nb6 36. Bb3 Rc8 37. Ba2 Rc7 38. Bb3 Kb8 39. Ba2 Kc8 40. Bb3 Kd8
41. Ba2 Rc8 42. Bb3 Ke8 43. Ba2 Kf8 44. Bb3 g6 45. Ba2 Kg8 46. Bb3 Kg7 47. Ba2
a5 48. Nb5 axb4 49. axb4 Kf8 50. Bb3 Ke7 51. Nc3 Ra8 52. Nc2 Kf8 53. Ne3 Ke7
54. Nc2 Kf8 55. Nb5 gxf5 56. exf5 Ke7 57. Nc3 h5 58. Ne3 Ra1 59. Bd1 Ra3 60. h4
Be8 61. Kd2 Bf7 62. Kd3 Kf8 63. Bc2 Kg7 64. Bd1 Kh6 65. Bc2 d5 66. cxd5 Nxd5
67. Nexd5 Bxd5 68. Bd1 Be4+ 69. Kc4 Bxf5 70. b5 Bg4 71. Bc2 Be6+ 72. Kb4 Ra1
73. Be4 b6 74. Na4 f5 75. Bc6 Rb1+ 76. Kc3 Rb3+ 77. Kc2 Rxg3 78. Nxb6 Rg4 79.
Bd7 Bxd7 80. Nxd7 Rd4 81. Nxe5 Rd5 82. Nd3 Rxb5 83. Kd2 Rb3 84. Ke2 Ra3 85. Nf4
Rg3 86. Kf2 Rg4 87. Ng2 Kg6 88. Kf3 Kf6 0-1

[Event "II Open Internazionale"]
[Site "Lodi ITA"]
[Date "2006.06.08"]
[Round "5"]
[White "Castellanos Rodriguez, Renier"]
[Black "Spielmann, Alain"]
[Result "1/2-1/2"]
[WhiteElo "2467"]
[BlackElo "2250"]
[PlyCount "81"]
[EventDate "2006.06.05"]

1. e4 c6 2. d4 d5 3. e5 Bf5 4. Nf3 e6 5. Be2 c5 6. Be3 Nd7 7. O-O Ne7 8. c4
dxc4 9. Na3 c3 10. Nc4 Nd5 11. Bg5 f6 12. exf6 gxf6 13. Bc1 b5 14. Nh4 Bg6 15.
Na3 a6 16. Bh5 Bd6 17. Re1 Nf8 18. bxc3 c4 19. Qf3 Kf7 20. Nb1 Qc7 21. g3 Re8
22. Nd2 b4 23. Ne4 bxc3 24. Bg4 Kg7 25. Nxc3 Nxc3 26. Qxc3 a5 27. a3 Bd3 28.
Bf5 exf5 29. Rxe8 Ng6 30. Rxh8 Nxh4 31. gxh4 Kxh8 32. f4 Bxf4 33. Bxf4 Qxf4 34.
Re1 Qg4+ 35. Kf2 Qf4+ 36. Kg1 Qg4+ 37. Kf2 Qxh4+ 38. Kg1 Qg4+ 39. Kf2 Qf4+ 40.
Kg1 Qg5+ 41. Kf2 1/2-1/2

[Event "II Open Internazionale"]
[Site "Lodi ITA"]
[Date "2006.06.08"]
[Round "5"]
[White "Contin, Daniel"]
[Black "Postny, Evgeny"]
[Result "0-1"]
[WhiteElo "2396"]
[BlackElo "2572"]
[PlyCount "76"]
[EventDate "2006.06.05"]

1. c4 g6 2. Nc3 Bg7 3. g3 c5 4. Bg2 Nc6 5. e3 Bxc3 6. bxc3 b6 7. d3 Bb7 8. e4
d6 9. h4 h6 10. h5 g5 11. f4 gxf4 12. gxf4 f5 13. e5 dxe5 14. fxe5 Qc7 15. Bf4
O-O-O 16. Qe2 Nf6 17. Nf3 Ng4 18. O-O-O e6 19. Rhe1 Na5 20. Bh3 Qc6 21. Nh4 Qa4
22. Kb2 b5 23. Nxf5 exf5 24. Bxg4 fxg4 25. Qxg4+ Kb8 26. e6+ Ka8 27. e7 Rde8
28. Qg7 bxc4 29. Bc7 Rhg8 30. Qxh6 cxd3 31. Bxa5 Rg2+ 32. Rd2 Qb5+ 33. Bb4 cxb4
34. Rxg2 bxc3+ 35. Kxc3 Rc8+ 36. Kd2 Rc2+ 37. Ke3 Qe5+ 38. Kxd3 Qc3# 0-1

[Event "II Open Internazionale"]
[Site "Lodi ITA"]
[Date "2006.06.08"]
[Round "5"]
[White "Efimov, Igor"]
[Black "Rrhioua, Tarik"]
[Result "1-0"]
[WhiteElo "2437"]
[BlackElo "2330"]
[PlyCount "137"]
[EventDate "2006.06.05"]

1. d4 Nf6 2. c4 g6 3. Nc3 Bg7 4. e4 d6 5. Nf3 O-O 6. Be3 e5 7. dxe5 dxe5 8.
Qxd8 Rxd8 9. Nd5 Nxd5 10. cxd5 c6 11. Bc4 cxd5 12. Bxd5 Na6 13. Rd1 Bf6 14. Ke2
Nc7 15. Bb3 Bd7 16. Ng5 Bb5+ 17. Kf3 Rf8 18. Rd2 h6 19. Rc1 Bc6 20. Nxf7 Be7
21. Kg3 Rxf7 22. Rxc6 bxc6 23. Rd7 Nd5 24. exd5 Bh4+ 25. Kxh4 Rxd7 26. dxc6+
Rf7 27. Bxh6 Rc8 28. Bd5 Rd8 29. Be6 Rd6 30. c7 Rc6 31. c8=Q+ Rxc8 32. Bxc8
Rxf2 33. Kg3 Rxb2 34. Be6+ Kh7 35. Be3 a5 36. Kf3 Kg7 37. h4 Kf6 38. Bb3 e4+
39. Kxe4 Rxg2 40. Bg5+ Kg7 41. Kd4 a4 42. Bc4 Rb2 43. Kc3 Rb1 44. Bd3 Rb8 45.
Bc2 Rc8+ 46. Kd3 Ra8 47. Bd1 a3 48. Kc3 Rb8 49. Bb3 Rb7 50. Bc4 Rb8 51. Bf4 Rb7
52. Bd5 Rb5 53. Kc4 Rb1 54. Bd6 Kh6 55. Bxa3 g5 56. Bf8+ Kh5 57. hxg5 Kxg5 58.
Bg7 Kf5 59. a4 Rb6 60. a5 Ra6 61. Bc3 Ra7 62. Kb5 Rd7 63. Kc6 Rd8 64. Bd4 Rc8+
65. Kd6 Rd8+ 66. Kc5 Rc8+ 67. Bc6 Ke6 68. a6 Rf8 69. a7 1-0

[Event "II Open Internazionale"]
[Site "Lodi ITA"]
[Date "2006.06.08"]
[Round "5"]
[White "Fedorchuk, Sergey A."]
[Black "Rombaldoni, Denis"]
[Result "1-0"]
[WhiteElo "2576"]
[BlackElo "2322"]
[PlyCount "99"]
[EventDate "2006.06.05"]

1. e4 c6 2. d4 d5 3. Nd2 dxe4 4. Nxe4 Nd7 5. Ng5 Nb6 6. N1f3 g6 7. Bd3 Bg7 8.
O-O Nh6 9. Re1 O-O 10. h3 Nf5 11. c3 Nd6 12. Ne5 Bf5 13. Bf1 f6 14. Qb3+ Nd5
15. c4 Nxc4 16. Bxc4 fxe5 17. Qxb7 Qd6 18. dxe5 Bxe5 19. Bf4 Rab8 20. Bxe5 Rxb7
21. Bxd6 exd6 22. b3 Kg7 23. Rad1 h6 24. Ne6+ Bxe6 25. Rxe6 Rf6 26. Rxf6 Kxf6
27. Bxd5 cxd5 28. Rxd5 Ke6 29. Ra5 g5 30. Kf1 Rc7 31. Ke2 d5 32. Kd3 Ke5 33.
Ra6 Rf7 34. f3 h5 35. Ra4 h4 36. Rg4 Kf5 37. Kd4 Rc7 38. Kxd5 Rc2 39. a4 a5 40.
Kd4 Rc8 41. Kd3 Rc5 42. b4 axb4 43. Rxb4 Rc1 44. Kd2 Ra1 45. Kc3 Ra3+ 46. Kb2
Rd3 47. a5 Rd2+ 48. Kc3 Rxg2 49. a6 Rg1 50. a7 1-0

[Event "II Open Internazionale"]
[Site "Lodi ITA"]
[Date "2006.06.08"]
[Round "5"]
[White "Izsak, Gyula"]
[Black "Varga, Zoltan"]
[Result "1/2-1/2"]
[WhiteElo "2434"]
[BlackElo "2515"]
[PlyCount "51"]
[EventDate "2006.06.05"]

1. d4 Nf6 2. c4 e6 3. Nc3 Bb4 4. Qc2 b6 5. a3 Bxc3+ 6. Qxc3 Bb7 7. Bg5 d6 8.
Nf3 Nbd7 9. Nd2 h6 10. Bh4 O-O 11. Qc2 c5 12. dxc5 bxc5 13. Bg3 Qb6 14. e3 Rfd8
15. Rd1 Ne5 16. f3 a5 17. Be2 Bc6 18. Nb1 Rd7 19. Nc3 Ng6 20. O-O d5 21. cxd5
exd5 22. Bf2 d4 23. exd4 cxd4 24. Na4 Bxa4 25. Qxa4 Qxb2 26. Bb5 1/2-1/2

[Event "II Open Internazionale"]
[Site "Lodi ITA"]
[Date "2006.06.08"]
[Round "5"]
[White "Luciani, Valerio"]
[Black "Majer, Christopher E."]
[Result "1-0"]
[WhiteElo "2242"]
[BlackElo "1993"]
[PlyCount "95"]
[EventDate "2006.06.05"]

1. d4 Nf6 2. c4 c5 3. d5 b5 4. cxb5 a6 5. f3 e6 6. e4 axb5 7. dxe6 fxe6 8. Bxb5
Ba6 9. Bxa6 Nxa6 10. Nc3 c4 11. e5 Nd5 12. Nxd5 exd5 13. Qxd5 Nb4 14. Qe4 Nd3+
15. Kf1 Qa5 16. Be3 Rc8 17. e6 d5 18. Qf5 Rc7 19. Bd4 Bc5 20. Qxd5 Nf4 21. Qe4
Bxd4 22. Qxd4 c3 23. Qxf4 cxb2 24. Rb1 Rf8 25. Qe3 Qxa2 26. Rxb2 Qxb2 27. Ne2
Qa1+ 28. Kf2 Qxh1 29. Qe5 Rc2 30. Qb8+ Ke7 31. Qb4+ Ke8 32. Qa4+ Ke7 33. Qxc2
Kxe6 34. Nd4+ Ke7 35. Qc7+ Kf6 36. Qd6+ Kg5 37. Ne6+ Kh5 38. g4+ Kg6 39. Nxf8+
Kf7 40. Nxh7 Qc1 41. Qd3 Qb2+ 42. Kg3 Qe5+ 43. Kh3 g6 44. Qe4 Qb2 45. Ng5+ Kg7
46. Qe7+ Kh6 47. Ne6 Qe5 48. Qh4+ 1-0